| 000 | 00419nam a2200169 a 4500 | ||
|---|---|---|---|
| 001 | 0000-8862 | ||
| 003 | ELIB.Books | ||
| 008 | 110520 0000 | ||
| 035 | _a(ELIB.Books)0000-9008 | ||
| 082 |
_a230 _bWoo |
||
| 100 | _aWoodyard, David O. | ||
| 245 | _aTo Be Human Now | ||
| 260 |
_bPhiladelphia; The Westminster Press _c0 |
||
| 650 | _aTheology | ||
| 942 |
_2ddc _cBK |
||
| 998 |
_cbat _e2011-05-20 |
||
| 999 |
_c8862 _d8862 |
||